Characters in Literature Quiz Stats

 Plays Quiz Updated Oct 23, 2014

Challenge
Share
Tweet
Embed
Score 0/30 Timer 08:00
0 Plays Today
Hint Character % Correct
Foul-tempered monarch in 'Alice's Adventures in Wonderland'Queen of Hearts
91.1%
The vain, self-centered and spoiled female protagonist in 'Gone with the Wind'Scarlett O'Hara
85.7%
Lawyer of a black man in a criminal trial in 'To Kill a Mockingbird'Atticus Finch
84.8%
The love interest of Robin Hood in English folkloreMaid Marian
79.9%
Female protagonist and volunteer survivalist in 'The Hunger Games'Katniss Everdeen
77.6%
Aloof romantic hero and a romantic interest of Elizabeth Bennet in 'Pride and Prejudice'Fitzwilliam Darcy
76.9%
Female protagonist in the 'Twilight-series', and primarily narrated from her point of viewBella Swan
75.5%
Teenage protagonist in 'Catcher in the Rye'Holden Caulfield
65.9%
Male protagonist and tortured romantic hero in 'Wuthering Heights'Heathcliff
64.4%
Identical couple from 'Through the Looking-Glass'Tweedledum and Tweedledee
63.6%
Dutch doctor in Bram Stoker's 'Dracula'. As a vampire hunter he is the archenemy of Count DraculaAbraham Van Helsing
57.5%
Captain and antihero in Jules Verne's '20 000 Leagues Under the Sea' and 'Mysterious Island'Captain Nemo
57.1%
Female protagonist in 'The Scarlet Letter', condemned by her Puritan neighbors. Among the first and most important female protagonists in American literatureHester Prynne
56.9%
Protagonist CIA agent in Tom Clancy novels such as 'The Hunt for Red October' and 'Patriot Games'Jack Ryan
48.8%
Protagonist and later a young leader of the family in 'The Grapes of Wrath'Tom Joad
44.6%
Hint Character % Correct
Private detective and protagonist in 'The Maltese Falcon' and three other Dashiell Hammett storiesSam Spade
40.2%
The master of Thornfield Manor who falls in love with 'Jane Eyre'Edward Fairfax Rochester
38.9%
Duo of characters in 'Hamlet', courtiers send by the king to spy on the protagonistRosencrantz and Guildenstern
38.6%
Protagonist and narrator of the story 'Treasure Island'Jim Hawkins
38%
Male protagonist in '1984' and clerk at the Ministry of TruthWinston Smith
35.6%
The ghost of this man haunts 'Macbeth' in the Shakespeare playBanquo
35.5%
Male protagonist and young captain in WW2 in 'Catch-22'Capt. John Yossarian
34%
Psychopathic nurse who is the antagonist in the novel 'Misery'Annie Wilkes
29.2%
Title character and the protagonist in 'The Count of Monte Cristo'Edmond Dantès
27%
James Joyce's 'Ulysses' depicts this character's life in Dublin on 16 June 1904Leopold Bloom
24.6%
A Trojan who traveled to Italy, where he became the ancestor of the Romans in 'Aeneid'Aeneas
23.6%
The workhorse in 'Animal Farm'Boxer
21.9%
Private detective first appearing under this name in 'The Big Sleep'Philip Marlowe
21.8%
The murderer protagonist of 'Crime and Punishment'Rodion Raskolnikov
19%
Duo of characters who are endlessly 'Waiting for Godot' in Samuel Beckett's playVladimir and Estragon
9.6%

You're not logged in!

Compare scores with friends on all Sporcle quizzes.
Join for Free
OR
Log In

You Might Also Like...

Show Comments

Extras

Top Quizzes Today


Score Distribution

Your Account Isn't Verified!

In order to create a playlist on Sporcle, you need to verify the email address you used during registration. Go to your Sporcle Settings to finish the process.

Report this User

Report this user for behavior that violates our Community Guidelines.

Details: